[Event "Open 35 - 2017 principal"]
[Site "?"]
[Date "2017.07.08"]
[Round "1"]
[White "Stephan, Victor"]
[Black "Rider, Palmer"]
[Result "1-0"]
[WhiteElo "2352"]
[BlackElo "1847"]
[PlyCount "37"]
[SourceDate "2017.07.09"]

1. d4 Nf6 2. c4 e6 3. Nc3 Bb4 4. e3 d5 5. cxd5 exd5 6. Bd3 Nc6 7. Nge2 Bg4 8.
f3 Bh5 9. a3 Bd6 10. O-O g5 11. Qb3 Na5 12. Qa4+ c6 13. e4 b5 14. Qc2 dxe4 15.
fxe4 Bc7 16. Bxg5 Bxh2+ 17. Kh1 Rg8 18. Bxf6 Qd7 19. Kxh2 1-0

[Event "Open 35 - 2017 Principal"]
[Site "?"]
[Date "2017.07.08"]
[Round "1"]
[White "Dupitier, Mickaël"]
[Black "Piankov, Evgenii"]
[Result "0-1"]
[WhiteElo "1789"]
[BlackElo "2249"]
[PlyCount "84"]
[SourceDate "2017.07.09"]

1. d4 d5 2. c4 c6 3. Nf3 Nf6 4. Qc2 g6 5. cxd5 cxd5 6. Nc3 Bg7 7. Bf4 O-O 8. e3
Nc6 9. Be2 Bf5 10. Qb3 Na5 11. Qb4 Ne4 12. Rc1 Rc8 13. O-O Bg4 14. Rfd1 e6 15.
Kf1 Bxf3 16. gxf3 Nxc3 17. Rxc3 Rxc3 18. Qxc3 Nc6 19. b4 Qd7 20. b5 Ne7 21. Rc1
Rc8 22. Qa3 Bf8 23. Rxc8 Nxc8 24. Qc3 Bd6 25. Bg3 Kf8 26. a4 h5 27. f4 Be7 28.
f3 Nd6 29. a5 Nxb5 30. Qb3 a6 31. Be1 Kg7 32. Bd3 Qc6 33. Bd2 Kg8 34. Ke2 Bd8
35. Kf1 Nd6 36. Ke2 Kg7 37. e4 dxe4 38. fxe4 Nxe4 39. Bb4 Nf6 40. Kf2 Qh1 41.
Kg3 Qg1+ 42. Kh3 Qg4# 0-1

[Event "Open 35 - 2017 Principal"]
[Site "?"]
[Date "2017.07.08"]
[Round "1"]
[White "Durand Le Ludec, Brendan Budok"]
[Black "Pachon, Bernard"]
[Result "1-0"]
[WhiteElo "2184"]
[BlackElo "1787"]
[PlyCount "53"]
[SourceDate "2017.07.09"]

1. Nf3 g6 2. d4 Bg7 3. e4 d6 4. Nc3 Nf6 5. Be2 O-O 6. O-O Nbd7 7. h3 h6 8. Be3
c5 9. d5 a6 10. a4 b6 11. Nd2 a5 12. f4 Ba6 13. Bxa6 Rxa6 14. Nc4 Ne8 15. Qd3
Ra8 16. Rae1 Qb8 17. e5 dxe5 18. fxe5 Nxe5 19. Nxe5 Bxe5 20. Bxh6 Ng7 21. Qe4
Bh2+ 22. Kh1 Nh5 23. Ne2 Bg3 24. Bxf8 Bxe1 25. Bxe7 Bg3 26. d6 Qe8 27. d7 1-0

[Event "Open 35 - 2017 Principal"]
[Site "?"]
[Date "2017.07.08"]
[Round "1"]
[White "Seïte, Yamina"]
[Black "Théon, Pierre"]
[Result "1-0"]
[WhiteElo "1786"]
[BlackElo "2150"]
[PlyCount "59"]
[SourceDate "2017.07.09"]

1. e4 e6 2. d4 d5 3. Nd2 Nf6 4. e5 Nfd7 5. Bd3 c5 6. c3 Nc6 7. Ne2 cxd4 8. cxd4
f6 9. Nf4 Qe7 10. Qh5+ Kd8 11. Nf3 Nxd4 12. Nxd4 Nxe5 13. O-O g5 14. Nh3 Nxd3
15. Nxg5 Rg8 16. Nf7+ Kc7 17. Qxh7 Rg7 18. Qxd3 Qxf7 19. Bf4+ e5 20. Nb5+ Kd8
21. Bh6 Rg8 22. Bxf8 Rxf8 23. Rac1 d4 24. Rc7 Bd7 25. Rfc1 Qd5 26. R1c5 Qxa2
27. Rxd7+ Kxd7 28. Qh7+ Rf7 29. Rc7+ Kd8 30. Qg8+ 1-0

[Event "Open 35 - 2017 Principal"]
[Site "?"]
[Date "2017.07.08"]
[Round "1"]
[White "Bordais, Benjamin"]
[Black "Delaruelle, Christian"]
[Result "1-0"]
[WhiteElo "2114"]
[BlackElo "1778"]
[PlyCount "55"]
[SourceDate "2017.07.09"]

1. e4 Nc6 2. Nf3 f5 3. exf5 d5 4. Bb5 Bxf5 5. Nh4 e6 6. Nxf5 exf5 7. O-O Bd6 8.
c4 dxc4 9. Re1+ Kd7 10. Qc2 Qf6 11. Na3 Nh6 12. d4 a6 13. Bxc6+ bxc6 14. Bxh6
gxh6 15. Nxc4 Rae8 16. Ne5+ Bxe5 17. dxe5 Rxe5 18. Rxe5 Qxe5 19. Rd1+ Ke7 20.
Qd2 Kf7 21. Qd7+ Kg6 22. Qxc6+ Kh5 23. Qc4 Re8 24. Qf7+ Kg5 25. g3 Qe7 26. h4+
Kg4 27. Rd4+ Kf3 28. Qh5# 1-0

[Event "Open 35 - 2017 Principal"]
[Site "?"]
[Date "2017.07.08"]
[Round "1"]
[White "Aloë, Kévin"]
[Black "Bourgois, Bastien"]
[Result "0-1"]
[WhiteElo "1770"]
[BlackElo "2068"]
[PlyCount "50"]
[SourceDate "2017.07.09"]

1. c4 e5 2. g3 Nf6 3. Bg2 d5 4. cxd5 Nxd5 5. Nc3 Nb6 6. Nf3 Nc6 7. O-O Be7 8.
d3 O-O 9. Be3 Be6 10. Nd2 Nd5 11. Nxd5 Bxd5 12. Bxd5 Qxd5 13. Qb3 Qxb3 14. Nxb3
f5 15. Rac1 Rf7 16. Nc5 Bxc5 17. Bxc5 Re8 18. b4 a6 19. Rc2 Nd8 20. a4 Ne6 21.
b5 axb5 22. axb5 Ra8 23. e3 Rd7 24. d4 b6 25. Bb4 exd4 0-1

[Event "Open 35 - 2017 Principal"]
[Site "?"]
[Date "2017.07.08"]
[Round "1"]
[White "Sauvaget, Franck"]
[Black "Troubat, Alexandre"]
[Result "1-0"]
[WhiteElo "2065"]
[BlackElo "1760"]
[PlyCount "69"]
[SourceDate "2017.07.09"]

1. d4 Nf6 2. Nf3 g6 3. c4 c5 4. Nc3 cxd4 5. Nxd4 Bg7 6. e4 d6 7. Be2 O-O 8. O-O
Nc6 9. Nc2 b6 10. Be3 Bb7 11. Qd2 Qc7 12. f3 Rad8 13. Rac1 Rd7 14. Nd5 Qb8 15.
Bh6 Ne8 16. Bxg7 Kxg7 17. Nce3 Nc7 18. Ng4 f6 19. Qh6+ Kg8 20. f4 Qd8 21. Bd3
Rf7 22. Rf2 Qf8 23. Qh3 e6 24. Nh6+ Kg7 25. Nxc7 Rxc7 26. Nxf7 Qxf7 27. Qe3 Ne7
28. Rfc2 Nc6 29. a3 Rd7 30. b4 d5 31. cxd5 exd5 32. Rxc6 Bxc6 33. Rxc6 dxe4 34.
Qxe4 Re7 35. Qc4 1-0

[Event "Open Ille et Vilaine 2017"]
[Site "Rennes"]
[Date "2017.07.08"]
[Round "1.1"]
[White "Marie, Xavier"]
[Black "Bailet, Pierre"]
[Result "0-1"]
[BlackElo "2525"]
[WhiteElo "1851"]
[LiveChessVersion "1.4.8"]

1. d4 {[%clk 1:30:56]} Nf6 {[%clk 1:30:43]} 2. c4 {[%clk 1:31:22]} g6
{[%clk 1:30:59]} 3. Nc3 {[%clk 1:31:47]} Bg7 {[%clk 1:31:21]} 4. e4
{[%clk 1:32:09]} d6 {[%clk 1:31:42]} 5. Nf3 {[%clk 1:32:34]} O-O {[%clk 1:32:04]}
6. Be2 {[%clk 1:33:00]} Nbd7 {[%clk 1:31:09]} 7. O-O {[%clk 1:32:53]} e5
{[%clk 1:31:30]} 8. Be3 {[%clk 1:32:47]} Qe7 {[%clk 1:28:51]} 9. d5
{[%clk 1:26:31]} Ng4 {[%clk 1:24:33]} 10. Bg5 {[%clk 1:25:58]} f6
{[%clk 1:24:58]} 11. Bd2 f5 {[%clk 1:19:30]} 12. Bg5 {[%clk 1:03:34]} Ndf6
{[%clk 1:09:46]} 13. Ne1 {[%clk 0:44:03]} Nh6 {[%clk 1:07:00]} 14. f3
{[%clk 0:42:53]} Nf7 {[%clk 1:06:30]} 15. Bh4 {[%clk 0:40:37]} g5
{[%clk 1:01:49]} 16. Bf2 {[%clk 0:40:47]} f4 {[%clk 1:02:12]} 17. Nd3
{[%clk 0:36:42]} h5 {[%clk 1:00:34]} 18. c5 {[%clk 0:34:49]} Bh6 {[%clk 0:58:21]}
19. Qc2 {[%clk 0:25:53]} g4 {[%clk 0:55:58]} 20. cxd6 {[%clk 0:23:00]} cxd6
{[%clk 0:56:07]} 21. Nb5 {[%clk 0:19:08]} Bd7 {[%clk 0:54:37]} 22. a4
{[%clk 0:14:38]} Ne8 {[%clk 0:47:14]} 23. Rfd1 {[%clk 0:06:26]} a6
{[%clk 0:44:17]} 24. Na3 {[%clk 0:06:10]} Qg5 {[%clk 0:42:14]} 25. Kf1
{[%clk 0:04:12]} Nf6 {[%clk 0:38:26]} 26. Ne1 {[%clk 0:03:55]} g3
{[%clk 0:35:32]} 27. hxg3 {[%clk 0:03:35]} fxg3 {[%clk 0:35:43]} 28. Bg1
{[%clk 0:03:52]} h4 {[%clk 0:32:33]} 29. Nc4 {[%clk 0:03:59]} Rac8
{[%clk 0:30:39]} 30. Qb3 {[%clk 0:01:49]} h3 {[%clk 0:25:23]} 31. gxh3
{[%clk 0:02:13]} g2+ {[%clk 0:24:37]} 32. Nxg2 {[%clk 0:02:07]} Bxh3
{[%clk 0:25:01]} 33. Nce3 {[%clk 0:02:24]} Nxe4 {[%clk 0:24:23]} 34. fxe4
{[%clk 0:02:07]} Qg3 {[%clk 0:24:48]} 35. Bf2 {[%clk 0:00:38]} Ng5
{[%clk 0:24:42]} 36. Ke1 {[%clk 0:00:39]} Qxf2+ {[%clk 0:24:12]} 37. Kd2
{[%clk 0:00:56]} Nxe4+ {[%clk 0:24:19]} 0-1

[Event "Open Ille et Vilaine 2017"]
[Site "Rennes"]
[Date "2017.07.08"]
[Round "1.3"]
[White "Pellegrini, Thibaud"]
[Black "Cotonnec, Melkior"]
[Result "0-1"]
[BlackElo "2320"]
[WhiteElo "1795"]
[LiveChessVersion "1.4.8"]

1. e4 {[%clk 1:30:53]} e5 {[%clk 1:30:58]} 2. Nf3 {[%clk 1:31:02]} Nf6
{[%clk 1:31:25]} 3. Nxe5 {[%clk 1:26:51]} Nxe4 {[%clk 1:31:46]} 4. Qe2
{[%clk 1:26:04]} Qe7 5. Qxe4 d6 {[%clk 1:32:30]} 6. d4 {[%clk 1:18:51]} dxe5
{[%clk 1:32:25]} 7. Qxe5 {[%clk 1:17:17]} Qxe5+ {[%clk 1:32:47]} 8. dxe5
{[%clk 1:17:42]} Bf5 {[%clk 1:33:12]} 9. c3 {[%clk 1:09:49]} Nd7 {[%clk 1:33:18]}
10. Bf4 {[%clk 1:05:01]} O-O-O {[%clk 1:30:03]} 11. Be2 {[%clk 1:01:03]} Re8
{[%clk 1:24:06]} 12. O-O {[%clk 0:51:57]} Nxe5 {[%clk 1:24:06]} 13. Bxe5
{[%clk 0:41:03]} Rxe5 {[%clk 1:24:27]} 14. Bc4 {[%clk 0:38:57]} b5
{[%clk 0:59:53]} 15. Bxf7 {[%clk 0:28:18]} Bd3 {[%clk 0:59:17]} 16. Rd1
{[%clk 0:26:57]} Bc5 {[%clk 0:58:16]} 17. Na3 {[%clk 0:20:53]} Be2
{[%clk 0:53:23]} 18. Rd5 {[%clk 0:14:31]} Rxd5 {[%clk 0:53:30]} 19. Bxd5
{[%clk 0:14:53]} Rf8 {[%clk 0:53:34]} 20. Nc2 {[%clk 0:11:32]} Bxf2+
{[%clk 0:51:57]} 21. Kh1 {[%clk 0:12:00]} c5 {[%clk 0:50:33]} 22. a4
{[%clk 0:10:01]} bxa4 {[%clk 0:38:16]} 23. Rxa4 {[%clk 0:09:04]} Rd8
{[%clk 0:38:44]} 24. Be6+ {[%clk 0:08:07]} Kb7 {[%clk 0:37:04]} 25. Ra1
{[%clk 0:07:44]} g6 {[%clk 0:30:52]} 26. c4 {[%clk 0:03:12]} Rd2 {[%clk 0:30:40]}
27. Bd5+ {[%clk 0:01:10]} Kb6 {[%clk 0:30:34]} 28. Be4 {[%clk 0:00:53]} Bxc4
{[%clk 0:30:03]} 29. Rc1 {[%clk 0:00:54]} Bb3 {[%clk 0:29:04]} 30. g3
{[%clk 0:00:42]} Re2 {[%clk 0:27:48]} 31. Kg2 {[%clk 0:00:33]} Be3+
{[%clk 0:27:36]} 32. Kf3 {[%clk 0:00:47]} Bxc1 {[%clk 0:27:51]} 33. Kxe2
{[%clk 0:01:09]} Bxb2 {[%clk 0:28:17]} 34. Ne3 {[%clk 0:01:06]} a5
{[%clk 0:26:22]} 35. Kd2 {[%clk 0:00:46]} Kb5 {[%clk 0:26:12]} 36. Nd1
{[%clk 0:00:50]} Bd4 {[%clk 0:25:50]} 37. Nc3+ {[%clk 0:00:50]} Kb4
{[%clk 0:26:15]} 38. Ne2 {[%clk 0:00:45]} Be5 {[%clk 0:26:03]} 39. Kc1
{[%clk 0:00:48]} a4 {[%clk 0:26:23]} 40. Bc2 {[%clk 0:00:32]} Bc4
{[%clk 0:26:26]} 41. Nf4 {[%clk 0:29:51]} a3 {[%clk 0:56:37]} 42. Nd3+
{[%clk 0:30:13]} Bxd3 {[%clk 0:56:56]} 0-1

[Event "Open Ille et Vilaine 2017"]
[Site "Rennes"]
[Date "2017.07.08"]
[Round "1.4"]
[White "Peter, Wilschut"]
[Black "Marchais, Antoine"]
[Result "1-0"]
[BlackElo "1794"]
[WhiteElo "2259"]
[LiveChessVersion "1.4.8"]

1. c4 {[%clk 1:30:56]} e6 {[%clk 1:30:50]} 2. Nf3 {[%clk 1:30:51]} b6
{[%clk 1:31:14]} 3. e4 {[%clk 1:26:46]} Bb7 {[%clk 1:31:10]} 4. Nc3
{[%clk 1:26:37]} Ne7 {[%clk 1:25:14]} 5. d4 {[%clk 1:22:56]} d5 {[%clk 1:25:21]}
6. cxd5 {[%clk 1:15:50]} exd5 {[%clk 1:24:03]} 7. e5 {[%clk 1:14:22]} c5
{[%clk 1:17:37]} 8. Bb5+ {[%clk 1:03:02]} Nbc6 {[%clk 1:17:19]} 9. O-O
{[%clk 0:54:49]} a6 {[%clk 1:17:13]} 10. Ba4 {[%clk 0:44:09]} b5 {[%clk 1:17:20]}
11. Bc2 {[%clk 0:44:26]} c4 {[%clk 0:59:58]} 12. Ng5 {[%clk 0:26:22]} Qd7
{[%clk 0:59:54]} 13. Re1 {[%clk 0:21:48]} Nd8 {[%clk 1:00:12]} 14. Qf3
{[%clk 0:16:03]} Ng6 {[%clk 0:44:52]} 15. e6 {[%clk 0:11:49]} Nxe6
{[%clk 0:43:32]} 16. Nxe6 {[%clk 0:11:41]} fxe6 {[%clk 0:43:51]} 17. Bg5
{[%clk 0:04:34]} Be7 {[%clk 0:41:04]} 18. Bxe7 {[%clk 0:03:12]} Nxe7
{[%clk 0:41:21]} 19. Qg4 {[%clk 0:02:08]} g6 {[%clk 0:41:42]} 20. Rxe6
{[%clk 0:01:34]} O-O-O {[%clk 0:41:27]} 21. Rae1 {[%clk 0:01:44]} Rde8
{[%clk 0:41:11]} 22. Qe2 {[%clk 0:01:50]} Kd8 {[%clk 0:41:33]} 23. Qe5
{[%clk 0:01:36]} Nc6 {[%clk 0:40:52]} 24. Qf6+ {[%clk 0:01:50]} Kc8
{[%clk 0:41:01]} 25. R1e3 {[%clk 0:01:50]} Rhf8 {[%clk 0:40:45]} 26. Rxe8+
{[%clk 0:02:07]} Rxe8 {[%clk 0:41:08]} 27. h3 {[%clk 0:02:22]} Nd8
{[%clk 0:39:28]} 28. Bd1 {[%clk 0:02:38]} Rxe3 {[%clk 0:36:58]} 29. fxe3
{[%clk 0:03:06]} Kc7 {[%clk 0:36:59]} 30. Bf3 {[%clk 0:02:25]} b4
{[%clk 0:31:43]} 31. Qe5+ {[%clk 0:01:35]} Qd6 {[%clk 0:31:44]} 32. Qg7+
{[%clk 0:01:23]} Kb8 {[%clk 0:28:41]} 33. Na4 {[%clk 0:01:27]} Qc7
{[%clk 0:28:17]} 34. Qf8 {[%clk 0:01:21]} a5 {[%clk 0:27:48]} 35. Kf2
{[%clk 0:01:15]} Ka7 {[%clk 0:27:38]} 36. Ke1 {[%clk 0:00:51]} Ne6
{[%clk 0:27:33]} 37. Qf6 {[%clk 0:00:42]} Qc6 {[%clk 0:27:16]} 38. Bd1
{[%clk 0:00:55]} c3 {[%clk 0:26:34]} 39. bxc3 {[%clk 0:01:18]} bxc3
{[%clk 0:26:59]} 40. Bc2 {[%clk 0:01:23]} Qc8 {[%clk 0:20:31]} 41. Qe7
{[%clk 0:29:19]} Qc6 {[%clk 0:44:27]} 42. Qa3 {[%clk 0:22:07]} Nxd4
{[%clk 0:44:01]} 43. exd4 {[%clk 0:20:41]} Qe6+ {[%clk 0:42:58]} 44. Kd1
{[%clk 0:20:24]} Ba6 {[%clk 0:42:53]} 45. Qxc3 {[%clk 0:20:27]} Qe2+
{[%clk 0:40:41]} 46. Kc1 {[%clk 0:20:51]} Qf1+ {[%clk 0:41:09]} 47. Kb2
{[%clk 0:20:23]} Qb5+ {[%clk 0:41:01]} 48. Bb3 {[%clk 0:19:39]} 1-0

[Event "Open 35 - 2017 Principal"]
[Site "?"]
[Date "2017.07.09"]
[Round "2"]
[White "Piankov, Evgenij"]
[Black "Quellec, Yannick"]
[Result "1-0"]
[WhiteElo "2249"]
[BlackElo "1902"]
[PlyCount "89"]
[SourceDate "2017.07.09"]

1. d4 Nf6 2. Nf3 g6 3. Bg5 Bg7 4. Nbd2 d6 5. e4 Nfd7 6. c3 c6 7. Bc4 b5 8. Bb3
Qc7 9. O-O e5 10. a4 O-O 11. Re1 Re8 12. Bh4 bxa4 13. Rxa4 Nb6 14. Ra3 Be6 15.
dxe5 dxe5 16. Bxe6 Rxe6 17. Qc2 N8d7 18. c4 Bf8 19. Ra2 a5 20. Rea1 a4 21. Bg3
f6 22. h3 Ree8 23. b3 axb3 24. Nxb3 Rxa2 25. Rxa2 Bc5 26. Ne1 Qd6 27. Nd3 Rd8
28. Ra5 Bb4 29. Ra6 Nc5 30. Ndxc5 Bxc5 31. Kh2 Nd7 32. Qa2 Nb8 33. Ra5 Bb4 34.
c5 Qe6 35. Ra8 Qf7 36. Qa4 Bc3 37. Na5 Bxa5 38. Qxa5 Qe8 39. Qc7 Rc8 40. Qd6
Qd8 41. Qe6+ Kg7 42. f4 Nd7 43. Rxc8 Qxc8 44. fxe5 fxe5 45. Bxe5+ 1-0

[Event "Open 35 - 2017 Principal"]
[Site "?"]
[Date "2017.07.09"]
[Round "2"]
[White "Tardi, Oscar"]
[Black "Durand Le Luduc, Brendan Budok"]
[Result "0-1"]
[WhiteElo "1900"]
[BlackElo "2184"]
[PlyCount "62"]

1. e4 c5 2. Nf3 e6 3. d4 cxd4 4. c3 dxc3 5. Nxc3 a6 6. Bc4 b5 7. Bb3 Bb7 8. Qe2
d6 9. O-O Nd7 10. Bf4 Ngf6 11. Rfd1 Qb8 12. Rac1 Be7 13. e5 Bxf3 14. gxf3 dxe5
15. Bg3 O-O 16. Ne4 Nxe4 17. Rxd7 Nxg3 18. hxg3 Ra7 19. Rxa7 Qxa7 20. Qxe5 Bf6
21. Qe2 Qb6 22. Kg2 Rd8 23. Rh1 g6 24. a3 Rd4 25. Rc1 Qd6 26. Rc2 Kg7 27. Ba2
h5 28. Qe1 Rd1 29. Qe4 Ra1 30. Bb3 Qd1 31. g4 h4 0-1

[Event "Open 35 - 2017 Principal"]
[Site "?"]
[Date "2017.07.09"]
[Round "2"]
[White "Houlgate, Anthony"]
[Black "Bordais, Benjamin"]
[Result "0-1"]
[WhiteElo "1878"]
[BlackElo "2114"]
[PlyCount "56"]

1. e4 c6 2. Nc3 d5 3. Qf3 dxe4 4. Nxe4 Nd7 5. Ne2 Ngf6 6. N2c3 Ne5 7. Nxf6+
exf6 8. Qe3 Be7 9. d4 Ng6 10. Be2 O-O 11. O-O f5 12. Bh5 Bf6 13. Ne2 Re8 14.
Qd3 Be6 15. Be3 Qd7 16. Rad1 b5 17. b3 b4 18. c4 bxc3 19. Nxc3 Rad8 20. Na4 Bd5
21. Nc5 Qc8 22. Qd2 h6 23. Be2 f4 24. Bxf4 Nxf4 25. Qxf4 Rxe2 26. Rd3 Bg5 27.
Qg3 Qf5 28. Qc7 Rde8 0-1

[Event "Open 35 - 2017 Principal"]
[Site "?"]
[Date "2017.07.09"]
[Round "2"]
[White "Ruhlmann, Hélène"]
[Black "Sauvaget, Franck"]
[Result "1/2-1/2"]
[WhiteElo "1861"]
[BlackElo "2065"]
[Annotator "Doe,John"]
[PlyCount "73"]
[EventDate "2017.??.??"]

1. Nf3 e6 2. g3 Nf6 3. Bg2 d5 4. O-O c5 5. d4 cxd4 6. Nxd4 e5 7. Nf3 Nc6 8. c4
d4 9. e3 Be7 10. exd4 exd4 11. b3 O-O 12. Na3 Qb6 13. Nc2 Rd8 14. Nfe1 d3 15.
Ne3 Qd4 16. Bd2 Be6 17. Nf3 Qd7 18. Ng5 a5 19. Nxe6 Qxe6 20. Re1 Qd7 21. Nd5
Nxd5 22. Bxd5 Bf6 23. Rb1 Nb4 24. Bxb4 axb4 25. Qxd3 Rxa2 26. Qe4 b6 27. Bc6
Qc8 28. Rbd1 g6 29. Bd5 Kg7 30. Rd3 Ra7 31. Rf3 Re7 32. Qb1 Rxe1+ 33. Qxe1 Qc5
34. Kg2 Rd7 35. Qe2 Re7 36. Re3 Qd6 37. Re4 $11 1/2-1/2

[Event "Open 35 - 2017 Principal"]
[Site "?"]
[Date "2017.07.09"]
[Round "2"]
[White "Ragneau, Freddy"]
[Black "Jackson, Thomas"]
[Result "0-1"]
[WhiteElo "1755"]
[BlackElo "2043"]
[PlyCount "72"]

1. e4 c5 2. Nf3 e6 3. Nc3 Nc6 4. Bc4 Nge7 5. e5 Ng6 6. Qe2 Qc7 7. Nb5 Qb8 8.
Nd6+ Bxd6 9. exd6 Qxd6 10. O-O O-O 11. d3 Qc7 12. c3 b6 13. Bb3 Bb7 14. Rd1
Nce7 15. Ne1 Nd5 16. d4 Rac8 17. dxc5 bxc5 18. Bc4 Nf6 19. Ba6 Bxa6 20. Qxa6 d5
21. Qe2 Qe5 22. Qf3 Qe4 23. Qxe4 Nxe4 24. f3 Nd6 25. Nd3 c4 26. Nb4 Nb7 27. Nc2
Nc5 28. Ne1 Ne5 29. Be3 a6 30. Bxc5 Rxc5 31. Rd2 Rb8 32. a4 Nd7 33. Kf2 Ra5 34.
Ke3 Nc5 35. Ra3 Rxa4 36. Rxa4 Nxa4 0-1

[Event "Open Ille et Vilaine 2017"]
[Site "Rennes"]
[Date "2017.07.09"]
[Round "2.1"]
[White "Bailet, Pierre"]
[Black "Neau, Julien"]
[Result "1-0"]
[BlackElo "1930"]
[WhiteElo "2525"]
[LiveChessVersion "1.4.8"]

1. e4 d6 2. d4 g6 3. Nf3 Bg7 4. Bc4 Nf6 5. Qe2 O-O 6. e5 Ne8 7. h3 e6 8. O-O c6
9. Bg5 Qd7 10. Nbd2 a6 11. Bd3 c5 12. Nc4 h6 13. Bf4 Qd8 14. dxc5 dxc5 15. Qe3 b5
16. Nd6 Nxd6 17. exd6 Bxb2 18. Rad1 Qf6 19. Bxh6 Bd4 20. Nxd4 cxd4 21. Qe4
{[%clk 0:43:44]} Ra7 {[%clk 0:01:17]} 22. Bxf8 {[%clk 0:43:24]} Kxf8
{[%clk 0:01:38]} 23. f4 {[%clk 0:42:21]} Bb7 {[%clk 0:01:27]} 24. Qe5
{[%clk 0:41:50]} Qh4 {[%clk 0:00:34]} 25. Qxd4 {[%clk 0:41:18]} Nc6
{[%clk 0:00:43]} 26. Qc5 {[%clk 0:41:19]} Kg7 {[%clk 0:00:32]} 27. Be4
{[%clk 0:41:30]} 1-0

[Event "Open Ille et Vilaine 2017"]
[Site "Rennes"]
[Date "2017.07.09"]
[Round "2.2"]
[White "Francez, Theo"]
[Black "Stephan, Victor"]
[Result "0-1"]
[BlackElo "2352"]
[WhiteElo "1926"]
[LiveChessVersion "1.4.8"]

1. Nf3 {[%clk 1:30:46]} Nf6 {[%clk 1:28:20]} 2. c4 {[%clk 1:31:07]} e6
{[%clk 1:28:14]} 3. Nc3 {[%clk 1:31:25]} c5 {[%clk 1:27:52]} 4. d4
{[%clk 1:31:27]} cxd4 {[%clk 1:25:31]} 5. Nxd4 {[%clk 1:31:27]} d5
{[%clk 1:25:08]} 6. cxd5 {[%clk 1:28:22]} Nxd5 {[%clk 1:24:43]} 7. Qb3
{[%clk 1:19:28]} Nc6 {[%clk 1:20:53]} 8. Ndb5 {[%clk 1:11:46]} Nxc3
{[%clk 1:15:51]} 9. Nxc3 {[%clk 1:10:25]} Bb4 {[%clk 1:10:30]} 10. e4
{[%clk 0:58:30]} O-O {[%clk 1:06:01]} 11. Be3 {[%clk 0:56:26]} Nd4
{[%clk 1:02:44]} 12. Qd1 {[%clk 0:54:50]} e5 {[%clk 0:59:33]} 13. a3
{[%clk 0:48:33]} Ba5 {[%clk 0:54:58]} 14. b4 {[%clk 0:48:12]} Be6
{[%clk 0:51:11]} 15. Nd5 {[%clk 0:38:45]} Bxd5 {[%clk 0:48:04]} 16. exd5
{[%clk 0:39:01]} Bb6 {[%clk 0:47:08]} 17. Bc4 {[%clk 0:38:51]} Rc8
{[%clk 0:45:06]} 18. Rc1 {[%clk 0:38:35]} Rxc4 {[%clk 0:44:24]} 19. Rxc4
{[%clk 0:37:56]} Qxd5 0-1

[Event "Open Ille et Vilaine 2017"]
[Site "Rennes"]
[Date "2017.07.09"]
[Round "2.3"]
[White "Cotonnec, Melkior"]
[Black "Mocquard, Yves"]
[Result "1-0"]
[BlackElo "1923"]
[WhiteElo "2320"]
[LiveChessVersion "1.4.8"]

1. b3 e5 2. Bb2 Nc6 3. e3 Nf6 4. Bb5 d6 5. Ne2 a6 6. Bxc6+ bxc6 7. O-O Be7 8. d3
O-O 9. Nd2 Re8 10. e4 Nd7 11. f4 {[%clk 0:58:57]} exf4 {[%clk 1:08:09]} 12. Nxf4
{[%clk 0:58:57]} Ne5 {[%clk 1:08:09]} 13. Kh1 {[%clk 0:58:57]} Rb8
{[%clk 1:01:37]} 14. h3 {[%clk 0:42:38]} Bg5 {[%clk 0:52:27]} 15. Ne2
{[%clk 0:41:31]} Be3 {[%clk 0:30:32]} 16. Nf3 {[%clk 0:36:44]} Ng6
{[%clk 0:28:46]} 17. Ned4 {[%clk 0:36:14]} Bd7 {[%clk 0:27:24]} 18. Nf5
{[%clk 0:30:35]} Bxf5 {[%clk 0:25:37]} 19. exf5 {[%clk 0:31:03]} Nf4
{[%clk 0:25:22]} 20. Nh2 {[%clk 0:20:38]} Qh4 {[%clk 0:20:53]} 21. Qg4
{[%clk 0:18:33]} Qxg4 {[%clk 0:21:09]} 22. Nxg4 {[%clk 0:18:52]} Nh5
{[%clk 0:16:34]} 23. Rf3 {[%clk 0:19:09]} Bf4 {[%clk 0:14:32]} 24. Nf2
{[%clk 0:12:01]} Ng3+ {[%clk 0:06:26]} 25. Kh2 {[%clk 0:12:30]} Nf1+
{[%clk 0:06:25]} 26. Kg1 {[%clk 0:12:32]} Ng3 {[%clk 0:06:38]} 27. Ne4
{[%clk 0:12:05]} Nxe4 {[%clk 0:05:39]} 28. Rxf4 {[%clk 0:12:34]} Nf6
{[%clk 0:05:47]} 29. Kf2 {[%clk 0:11:58]} Kf8 {[%clk 0:05:12]} 30. Rh4
{[%clk 0:10:42]} Rb5 {[%clk 0:04:50]} 31. Rf4 {[%clk 0:10:44]} Nd5
{[%clk 0:04:15]} 32. Rf3 {[%clk 0:11:01]} Nf6 {[%clk 0:03:19]} 33. Re1
{[%clk 0:10:17]} Rxe1 {[%clk 0:03:13]} 34. Kxe1 {[%clk 0:10:45]} Nd7
{[%clk 0:03:08]} 35. Kd2 {[%clk 0:10:28]} Ke7 {[%clk 0:02:18]} 36. Bxg7
{[%clk 0:10:21]} f6 {[%clk 0:01:55]} 37. Re3+ {[%clk 0:07:46]} Kf7
{[%clk 0:02:07]} 38. g4 {[%clk 0:08:13]} Nb6 {[%clk 0:01:38]} 39. Bh6
{[%clk 0:07:56]} Ra5 {[%clk 0:00:54]} 40. a4 {[%clk 0:08:11]} Nd5
{[%clk 0:00:47]} 41. Re1 {[%clk 0:06:39]} Ne7 {[%clk 0:29:28]} 42. Bf4
{[%clk 0:36:42]} Nd5 {[%clk 0:29:39]} 43. Bg3 {[%clk 0:36:42]} Ne7
{[%clk 0:29:36]} 44. Bf4 {[%clk 0:36:06]} Nd5 {[%clk 0:29:52]} 45. Bh2
{[%clk 0:36:32]} Ne7 {[%clk 0:30:07]} 46. Bg3 {[%clk 0:37:00]} Nd5
{[%clk 0:30:11]} 47. c4 {[%clk 0:37:19]} Ne7 {[%clk 0:30:16]} 48. Rxe7+
{[%clk 0:35:42]} Kxe7 {[%clk 0:30:30]} 49. d4 {[%clk 0:36:11]} Kd7
{[%clk 0:29:14]} 50. Kd3 {[%clk 0:36:30]} c5 {[%clk 0:28:30]} 51. d5
{[%clk 0:36:32]} Ke7 {[%clk 0:27:25]} 52. Be1 {[%clk 0:36:55]} 1-0

[Event "Open Ille et Vilaine 2017"]
[Site "Rennes"]
[Date "2017.07.09"]
[Round "2.4"]
[White "Le Duigou, Goulven"]
[Black "Peter, Wilschut"]
[Result "0-1"]
[BlackElo "2259"]
[WhiteElo "1916"]
[LiveChessVersion "1.4.8"]

1. e4 {[%clk 1:21:54]} e6 {[%clk 1:30:49]} 2. d3 {[%clk 1:22:14]} d5
{[%clk 1:31:04]} 3. Qe2 {[%clk 1:22:34]} Nf6 {[%clk 1:31:02]} 4. e5
{[%clk 1:22:15]} Ng8 {[%clk 1:28:41]} 5. g3 {[%clk 1:19:57]} c5 {[%clk 1:28:33]}
6. Bg2 {[%clk 1:20:01]} Nc6 {[%clk 1:28:43]} 7. Nf3 {[%clk 1:19:22]} Nge7
{[%clk 1:26:46]} 8. Nbd2 {[%clk 1:18:12]} Nf5 {[%clk 1:18:41]} 9. c3
{[%clk 1:16:01]} b5 {[%clk 1:18:04]} 10. O-O {[%clk 1:12:33]} c4 {[%clk 1:10:18]}
11. g4 {[%clk 0:58:49]} Nfe7 {[%clk 1:05:12]} 12. Re1 {[%clk 0:51:19]} h5
{[%clk 0:59:41]} 13. dxc4 {[%clk 0:48:23]} bxc4 {[%clk 0:57:33]} 14. gxh5
{[%clk 0:42:50]} Rxh5 {[%clk 0:41:11]} 15. b4 {[%clk 0:32:52]} Rb8
{[%clk 0:26:10]} 16. a4 {[%clk 0:32:27]} Ng6 {[%clk 0:20:53]} 17. Nf1
{[%clk 0:20:26]} Ncxe5 {[%clk 0:12:09]} 18. Nxe5 {[%clk 0:09:27]} Rxe5
{[%clk 0:12:25]} 19. Qd1 {[%clk 0:08:14]} Bd6 {[%clk 0:09:31]} 20. Be3
{[%clk 0:06:53]} Qh4 {[%clk 0:05:59]} 21. Qd2 {[%clk 0:05:22]} Rh5
{[%clk 0:05:38]} 22. h3 {[%clk 0:04:59]} Nf4 {[%clk 0:05:17]} 23. Bxf4
{[%clk 0:04:28]} Qxf4 {[%clk 0:05:22]} 24. Qe2 {[%clk 0:02:52]} Rg5
{[%clk 0:04:41]} 25. Rad1 {[%clk 0:02:42]} Be5 {[%clk 0:04:04]} 26. h4
{[%clk 0:02:47]} Qxh4 {[%clk 0:03:55]} 27. Qe3 {[%clk 0:03:03]} Qg4
{[%clk 0:03:23]} 28. Ng3 {[%clk 0:02:50]} Bxg3 {[%clk 0:03:49]} 29. fxg3
{[%clk 0:02:54]} Qxg3 {[%clk 0:04:11]} 30. Qe2 {[%clk 0:02:45]} Bb7
{[%clk 0:03:47]} 31. Kf1 {[%clk 0:01:51]} Ke7 {[%clk 0:03:53]} 32. Qd2
{[%clk 0:01:40]} Rf5+ {[%clk 0:03:56]} 33. Kg1 {[%clk 0:01:55]} Rh8
{[%clk 0:04:23]} 0-1